| 000 | nam a22 7a 4500 | ||
|---|---|---|---|
| 999 |
_c126398 _d126398 |
||
| 008 | 170411b xxu||||| |||| 00| 0 eng d | ||
| 050 | _aPL8681.9.C414 M8 | ||
| 100 |
_aChigidi, Willie L. _929801 |
||
| 245 |
_aMufaro Mwena _cWillie L. Chigidi |
||
| 260 |
_aHarare _bThe College Press _c1986 |
||
| 300 |
_a55p. ; _c18cm. |
||
| 942 |
_2lcc _cMONOGRAPH |
||